Συστηματική βοτανική : θεωρία και εργαστηριακές ασκήσεις

Αποθηκεύτηκε σε:
Λεπτομέρειες βιβλιογραφικής εγγραφής
Κύριος συγγραφέας: Βασιλάκογλου, Ιωάννης
Μορφή: Βιβλίο
Γλώσσα:Greek
Δημοσίευση: Λάρισα : Εκδόσεις γραμμικό, 2015.
Θέματα:
Ετικέτες: Προσθήκη ετικέτας
Δεν υπάρχουν, Καταχωρήστε ετικέτα πρώτοι!

MARC

LEADER 00000nam a2200000 a 4500
001 1/116413
008 180507s2015####gr a ||| |||| ||gre||
020 |a 9689609506120  
040 |a GR-MyUa  |b gre  |c GR-MyUa  |e AACR2 
041 0 |a gre 
082 7 |a 580   |2 (23) 
100 1 |a Βασιλάκογλου, Ιωάννης. 
245 1 0 |a Συστηματική βοτανική :   |b θεωρία και εργαστηριακές ασκήσεις /   |c Ιωάννης Βασιλάκογλου.  
260 |a Λάρισα :   |b Εκδόσεις γραμμικό,   |c 2015.  
300 |a 250 σ. :   |b εικ. ;   |c 30 εκ.  
650 0 |a Botany  |x Laboratory manuals. 
650 0 |a Plants  |x Identification. 
852 |a INST  |b LESVOS  |c EUDOXUS  |e 20180507  |h 580 ΒΑΣ  |p 005100060236  |q 005100060236  |t EDX  |y 0 
920 |a Εύδοξος  |b Παραγγελία  |y Λέσβος-ΤΠ  |z 2018-04 
970 |z 07-05-2018